00549 2200205 4500001002100000005001500021008004100036020002200077035001900099041000700118082001000125090001600135100002000151700002500171245007600196260002600272300002400298500000600322650001500328INLIS00000000000513020241224113037241224||||||||| | ||| |||| || |  a978-979-3714-78-3 0010-1224005130 aid0 a373.1 a373.1 TIM p0 aTim kalisa Pena0 aTim Ahli Hikmah Ilmu00aPaket 3 in 1 Siap Ulangan Harian dan Semester IPA Kelas XII B Untuk SMA aJakartabHikmahc2009 aii, 158 hlm.; 29 cm a1 0apendidikan